|
|
|
|
| LEADER |
00000cam a2200000 c 4500 |
| 001 |
242075894 |
| 003 |
DE-627 |
| 005 |
20260206203423.0 |
| 007 |
tu |
| 008 |
980330s1976 sz ||||| 00| ||ger c |
| 020 |
|
|
|a 3456802196
|9 3-456-80219-6
|
| 035 |
|
|
|a (DE-627)242075894
|
| 035 |
|
|
|a (DE-603)336122535
|
| 035 |
|
|
|a (DE-576)005136490
|
| 035 |
|
|
|a (DE-599)GBV242075894
|
| 035 |
|
|
|a (OCoLC)246410592
|
| 035 |
|
|
|a (OCoLC)02215724
|
| 035 |
|
|
|a (OCoLC)246410592
|
| 035 |
|
|
|a (OCoLC)2215724
|
| 035 |
|
|
|a (DE-604)8019819900
|
| 035 |
|
|
|a (JUB)b10303947
|
| 040 |
|
|
|a DE-627
|b ger
|c DE-627
|e rakwb
|
| 041 |
|
|
|a ger
|
| 044 |
|
|
|c XA-CH
|c XA-DE
|c XA-AT
|
| 084 |
|
|
|a 1
|2 ssgn
|
| 084 |
|
|
|a CZ 3000
|2 rvk
|0 (DE-625)rvk/19240:
|
| 084 |
|
|
|a CU 9500
|2 rvk
|0 (DE-625)rvk/19149:
|
| 100 |
1 |
|
|a Boesch, Ernst E.
|d 1916-2014
|0 (DE-588)118512765
|0 (DE-627)079315895
|0 (DE-576)160347459
|4 aut
|
| 109 |
|
|
|a Boesch, Ernst E. 1916-2014
|a Boesch, Ernst Eduard 1916-2014
|a Boesch, Ernest E. 1916-2014
|a Boesch, Ernest Eduard 1916-2014
|
| 245 |
1 |
0 |
|a Psychopathologie des Alltags
|b zur Ökopsychologie des Handelns und seiner Störungen
|c Ernst E. Boesch
|
| 264 |
|
1 |
|a Bern
|a Stuttgart
|a Wien
|b Huber
|c 1976
|
| 300 |
|
|
|a 525 S.
|b graph. Darst.
|c 19 cm
|
| 336 |
|
|
|a Text
|b txt
|2 rdacontent
|
| 337 |
|
|
|a ohne Hilfsmittel zu benutzen
|b n
|2 rdamedia
|
| 338 |
|
|
|a Band
|b nc
|2 rdacarrier
|
| 500 |
|
|
|a Literaturverz. S. 510 - 515
|
| 583 |
1 |
|
|a Archivierung/Langzeitarchivierung gewährleistet
|f PEBW
|x XA-DE-BW
|2 pdager
|5 DE-24
|
| 583 |
1 |
|
|a Archivierung/Langzeitarchivierung gewährleistet
|c 2022
|f SLG
|x XA-DE-BW
|2 pdager
|5 DE-289
|
| 583 |
1 |
|
|a Archivierung/Langzeitarchivierung gewährleistet
|f SSG
|x XA-DE-BW
|2 pdager
|5 DE-21
|
| 650 |
|
0 |
|a Psychology, Pathological
|
| 650 |
|
0 |
|a Interpersonal Communication
|
| 650 |
|
0 |
|a Fantasy
|
| 650 |
|
0 |
|a Stress (Psychology)
|
| 650 |
|
0 |
|a Affect (Psychology)
|
| 650 |
|
4 |
|a Psychopathologie
|
| 650 |
|
4 |
|a Soziales Verhalten
|
| 650 |
|
4 |
|a Angst
|
| 650 |
|
4 |
|a Streß
|
| 689 |
0 |
0 |
|d s
|0 (DE-588)4001307-8
|0 (DE-627)106397591
|0 (DE-576)20884225X
|a Alltag
|2 gnd
|
| 689 |
0 |
1 |
|d s
|0 (DE-588)4047724-1
|0 (DE-627)10482624X
|0 (DE-576)209074507
|a Psychopathologie
|2 gnd
|
| 689 |
0 |
|
|5 (DE-627)
|
| 689 |
1 |
0 |
|d s
|0 (DE-588)4058047-7
|0 (DE-627)104814292
|0 (DE-576)209124660
|a Stress
|2 gnd
|
| 689 |
1 |
1 |
|d s
|0 (DE-588)4000586-0
|0 (DE-627)106400673
|0 (DE-576)208838686
|a Ärger
|2 gnd
|
| 689 |
1 |
2 |
|d s
|0 (DE-588)4115599-3
|0 (DE-627)105813052
|0 (DE-576)209494603
|a Populärpsychologie
|2 gnd
|
| 689 |
1 |
|
|5 (DE-627)
|
| 856 |
4 |
2 |
|u http://d-nb.info/760042918/04
|m B:DE-101
|q pdf/application
|v 20161127003401
|x Verlag
|3 Inhaltsverzeichnis
|7 1
|
| 889 |
|
|
|w (DE-627)436704897
|
| 935 |
|
|
|a mteo
|
| 935 |
|
|
|i mdedup
|
| 935 |
|
|
|i Blocktest
|
| 935 |
|
|
|h HEB
|i 0501
|
| 935 |
|
|
|h HEB
|i 0503
|
| 936 |
r |
v |
|a CZ 3000
|b Psychopathologie, Psychiatrie
|k Psychologie
|k Grenzgebiete der Psychologie
|k Psychopathologie, Psychiatrie
|0 (DE-627)1271133776
|0 (DE-625)rvk/19240:
|0 (DE-576)201133776
|
| 936 |
r |
v |
|a CU 9500
|b Sonstiges
|k Psychologie
|k Klinische Psychologie
|k Sonstiges
|0 (DE-627)1271490420
|0 (DE-625)rvk/19149:
|0 (DE-576)201490420
|
| 936 |
s |
n |
|a c200
|2 mzub
|
| 951 |
|
|
|a BO
|
| ELC |
|
|
|b 1
|
| LOK |
|
|
|0 000 xxxxxcx a22 zn 4500
|
| LOK |
|
|
|0 001 3100973380
|
| LOK |
|
|
|0 003 DE-627
|
| LOK |
|
|
|0 004 242075894
|
| LOK |
|
|
|0 005 20020607000000
|
| LOK |
|
|
|0 008 930128||||||||||||||||ger|||||||
|
| LOK |
|
|
|0 040
|a DE-21-110
|c DE-627
|d DE-21-110
|
| LOK |
|
|
|0 852
|a DE-21-110
|
| LOK |
|
|
|0 852 1
|c N IV 65
|m p
|9 00
|
| LOK |
|
|
|0 935
|a k110
|
| LOK |
|
|
|0 936ln
|a 8.7.4
|
| LOK |
|
|
|0 938
|k p
|
| LOK |
|
|
|0 939
|a 28-01-93
|b l01
|
| ORI |
|
|
|a SA-MARC-krimdoka001.raw
|
| SIG |
|
|
|a IFK: N IV 65
|